Commercial Management of Construction (Record no. 121299)
[ view plain ]
| 000 -LEADER | |
|---|---|
| fixed length control field | 01615nam a22002777a 4500 |
| 001 - CONTROL NUMBER | |
| control field | 121299 |
| 008 - FIXED-LENGTH DATA ELEMENTS--GENERAL INFORMATION | |
| fixed length control field | 230104s2016 xxk|||||o|||| 00| 0 eng d |
| 020 ## - INTERNATIONAL STANDARD BOOK NUMBER | |
| ISBN | 9781783211319 |
| 041 ## - LANGUAGE CODE | |
| Language code of text/sound track or separate title | eng |
| 100 ## - MAIN ENTRY--PERSONAL NAME | |
| Personal author | Curran, Nick |
| 110 ## - MAIN ENTRY--CORPORATE NAME | |
| Corporate author | Royal Institution of Chartered Surveyors |
| 245 ## - TITLE STATEMENT | |
| Title | Commercial Management of Construction |
| Subtitle | RICS Guidance Note, UK |
| Medium | [Electronic resource] |
| 250 ## - EDITION | |
| Edition statement | 1st Edition |
| 260 ## - PUBLICATION INFORMATION | |
| Place of publication | London, |
| Publisher | Royal Institution of Chartered Surveyors, |
| Date | March 2016 |
| 300 ## - PHYSICAL DESCRIPTION | |
| Physical description | 62p |
| 490 ## - SERIES TITLE | |
| Series statement | RICS Black Book |
| 490 ## - SERIES TITLE | |
| Series statement | RICS Guidance Note |
| 520 ## - ABSTRACT | |
| Abstract | The role of a commercial manager and the functions performed play a critical part in the commercial and financial success of a construction project, or of any other business. This guidance note outlines the role of commercial management in construction, providing a framework of guidance covering the most common tasks that a commercial manager will perform on a construction project. This guidance note is effective from 21 June 2016. Included in this guidance note are:<br/><br/>a practical guide to contract administration for a cost/value reconciliation and forecast model<br/>a template risks and opportunities register. |
| 650 ## - KEYWORDS | |
| Keywords | Commercial Management |
| 650 ## - KEYWORDS | |
| Keywords | Construction |
| 651 ## - SUBJECT ADDED ENTRY--GEOGRAPHIC NAME | |
| Geographic name | United Kingdom |
| 690 ## - BROAD SUBJECT | |
| 9 (RLIN) | 6230 |
| Broad subject | Construction management |
| 710 ## - ADDED CORPORATE NAME | |
| Added corporate author | Royal Institution of Chartered Surveyors |
| 856 ## - ONLINE RESOURCE | |
| Uniform Resource Identifier | <a href="https://www.rics.org/profession-standards/rics-standards-and-guidance/sector-standards/construction-standards/black-book/commercial-management-of-construction">https://www.rics.org/profession-standards/rics-standards-and-guidance/sector-standards/construction-standards/black-book/commercial-management-of-construction</a> |
| Public note | Available free on RICS.org |
| 942 ## - ADDED ENTRY ELEMENTS (KOHA) | |
| Suppress in OPAC | Do not suppress in OPAC |
| Lost status | Source of classification or shelving scheme | Damaged status | Not for loan | Current library | Date acquired | Total Checkouts | Date last seen | Price effective from | Koha item type | Shelving location | Full call number |
|---|---|---|---|---|---|---|---|---|---|---|---|
| London | 21/03/2023 | 21/03/2023 | 21/03/2023 | Book | RICS Boxes | RICS 2016/17 | |||||
| Dewey Decimal Classification | Virtual | 21/03/2023 | 04/01/2023 | 04/01/2023 | Online material |